LEADER 02123nam 2200553I 450 001 9910702627003321 005 20141202153827.0 035 $a(CKB)5470000002429921 035 $a(OCoLC)897220424 035 $a(EXLCZ)995470000002429921 100 $a20141202j201304 ua 0 101 0 $aeng 135 $aurcn||||||||| 181 $ctxt$2rdacontent 182 $cc$2rdamedia 183 $acr$2rdacarrier 200 10$aEvaluating NextGen closely spaced parallel operations concepts with validated human performance models $eflight deck guidelines /$fBecky L. Hooey [and three others] 210 1$aMoffett Field, California :$cNational Aeronautics and Space Administration, Ames Research Center,$dApril 2013. 215 $a1 online resource (vi, 23 pages) $ccolor illustrations 225 1 $aNASA/TM ;$v2013-216506 300 $aTitle from title screen (viewed Dec. 1, 2014). 300 $a"April 2013." 320 $aIncludes bibliographical references (pages 22-23). 517 $aEvaluating NextGen closely spaced parallel operations concepts with validated human performance models 606 $aApproach control$2nasat 606 $aAircraft landing$2nasat 606 $aHuman-computer interface$2nasat 606 $aSystems analysis$2nasat 606 $aSystems integration$2nasat 606 $aAircraft approach spacing$2nasat 606 $aAircraft pilots$2nasat 606 $aPilot performance$2nasat 615 7$aApproach control. 615 7$aAircraft landing. 615 7$aHuman-computer interface. 615 7$aSystems analysis. 615 7$aSystems integration. 615 7$aAircraft approach spacing. 615 7$aAircraft pilots. 615 7$aPilot performance. 700 $aHooey$b Becky L.$01388289 712 02$aAmes Research Center, 712 02$aUnited States.$bNational Aeronautics and Space Administration, 801 0$bGPO 801 1$bGPO 906 $aBOOK 912 $a9910702627003321 996 $aEvaluating NextGen closely spaced parallel operations concepts with validated human performance models$93438764 997 $aUNINA LEADER 01612nam0 22003371i 450 001 UON00050614 005 20231205102224.378 100 $a20020107d1978 |0itac50 ba 101 $aita 102 $aIT 105 $a|||| 1|||| 200 1 $aAnalisi marxista e società antiche$fa cura di Luigi Capogrossi, Andrea Giardina, Aldo Schiavone 210 $aRoma$cEditori Riuniti ; Istituto Gramsci$d1978 215 $a254 p.$d22 c 300 $aIn testa al front. : Istituto Gramsci 410 1$1001UON00046664$12001 $aNuova Biblioteca di Cultura$v178 606 $aMarxismo$xTeorie$xSocietà antiche$3UONC017320$2FI 606 $aSTORIOGRAFIA ANTICA$xSTUDI$3UONC028069$2FI 620 $aIT$dRoma$3UONL000004 686 $aIG IV$cINTERESSE GENERALE - STORIA$2A 686 $aA2$cSTORIA DELLA STORIOGRAFIA$2A 702 1$aCAPOGROSSI COLOGNESI$bLuigi$3UONV062096 712 $aEditori Riuniti$3UONV246707$4650 712 $aIstituto Gramsci$3UONV250882$4650 801 $aIT$bSOL$c20250627$gRICA 912 $aUON00050614 950 $aSIBA - SISTEMA BIBLIOTECARIO DI ATENEO$dSI A 2 030 $eSI MC 3835 5 950 $aSIBA - SISTEMA BIBLIOTECARIO DI ATENEO$dSI IG IV 017 $eSI SA 12135 5 017 950 $aSIBA - SISTEMA BIBLIOTECARIO DI ATENEO$dSI EUR D B 0019 $eSI SC 3667 5 0019 996 $aAnalisi marxista e società antiche$91088815 997 $aUNIOR